000 00673nam a22002417a 4500
005 20251108171022.0
008 250721s1998 xx 000 0 ara d
082 1 4 _aم/216/ساب
100 1 _aسابق، سيد
245 1 0 _aفقه السنة /
250 _aط.2
264 1 _aبيروت :
_bدار الفكر،
_c1998.
300 _aج.2 ، ج.3
650 1 7 _aفقه السنه
650 1 7 _aالعبادة
650 1 7 _aالمعاملات
650 1 7 _aالأحوال المدنية
650 1 7 _aالجديث الشريف
650 1 7 _aالشريعة الإسلامية
650 1 7 _aالقرآن الكريم
942 _2ddc
_cREF
999 _c54515
_d54515